000
00296nam a22001337a 4500
008
170623b xxu||||| |||| 00| 0 eng d
020
_a
9780801852855
041
_a
eng
080
_a
32
100
_a
21
101
_a
SHP
245
_a
SHAPING CONSTITUTIONAL VALUES
_c
DEVINS.N
942
_2
udc
_c
BK
999
_c
18932
_d
18932